000 00401nam a22001457a 4500
003 MACL
005 20170613131134.0
008 170613b xxu||||| |||| 00| 0 eng d
040 _c MACL
100 _aBhatia Rajiv K. and other
_967451
245 _aIndia and Central Asia
_bExploring New Horizons for Cooperation
260 _aDelhi
_bShipra
_c2014
650 _aEconomics
_967452
942 _2ddc
_cBK
999 _c56526
_d56526